Country Neighbour Connect: First Alphabetically, starting with World's First in Alphabetical Order - Statistics

General Stats
  • This quiz has been taken 132 times
  • The average score is 92 of 154
Answer Stats
COUNTRY % Correct
Afghanistan
100%
China
86%
Bangladesh
84%
Bhutan
84%
India
84%
Burma
82%
Cambodia
82%
Laos
82%
Thailand
82%
Brunei
80%
Indonesia
80%
Malaysia
80%
Algeria
78%
Andorra
78%
Armenia
78%
Austria
78%
Azerbaijan
78%
Belarus
78%
Belgium
78%
Chad
78%
Czech Republic
78%
East Timor
78%
Estonia
78%
France
78%
Georgia
78%
Germany
78%
Iran
78%
Latvia
78%
Libya
78%
Lithuania
78%
Morocco
78%
Nepal
78%
Pakistan
78%
Papua New Guinea
78%
Poland
78%
Russia
78%
Spain
78%
Vietnam
78%
Angola
74%
Botswana
74%
Burundi
74%
Cameroon
74%
Central African Republic
74%
Democratic Republic of the Congo
74%
Djibouti
74%
Egypt
74%
Eritrea
74%
Ethiopia
74%
Iraq
74%
Israel
74%
Jordan
74%
Kenya
74%
Kuwait
74%
Lesotho
74%
Malawi
74%
Mozambique
74%
Namibia
74%
Oman
74%
Rwanda
74%
Saudi Arabia
74%
South Africa
74%
Sudan
74%
Tanzania
74%
Uganda
74%
United Arab Emirates
74%
Yemen
74%
Qatar
72%
Albania
70%
Bosnia and Herzegovina
70%
Croatia
70%
Greece
70%
Hungary
70%
Italy
70%
Kosovo
70%
Lebanon
70%
Liechtenstein
70%
Macedonia
70%
Moldova
70%
Romania
70%
Serbia
70%
Slovakia
70%
Switzerland
70%
Syria
70%
Turkey
70%
Ukraine
70%
Bulgaria
68%
San Marino
68%
Slovenia
68%
Vatican City
66%
South Sudan
54%
Montenegro
50%
Benin
44%
Burkina Faso
44%
Côte d'Ivoire
44%
Gambia
44%
Ghana
44%
Guinea
44%
Guinea-Bissau
44%
Mali
44%
Mauritania
44%
Niger
44%
Nigeria
44%
Senegal
44%
Equatorial Guinea
42%
Gabon
42%
Liberia
42%
Republic of the Congo
42%
Sierra Leone
42%
Somalia
42%
Togo
42%
Zambia
42%
Zimbabwe
42%
Swaziland
40%
Argentina
38%
Belize
38%
Bolivia
38%
Brazil
38%
Canada
38%
Chile
38%
Colombia
38%
Costa Rica
38%
Ecuador
38%
El Salvador
38%
Guatemala
38%
Guyana
38%
Honduras
38%
Mexico
38%
Nicaragua
38%
Panama
38%
Peru
38%
Suriname
38%
United States
38%
Ireland
36%
Norway
36%
Paraguay
36%
Portugal
36%
Sweden
36%
Tunisia
36%
United Kingdom
36%
Uruguay
36%
Venezuela
36%
Finland
34%
Netherlands
34%
Kazakhstan
32%
Kyrgyzstan
32%
Luxembourg
32%
Monaco
32%
Mongolia
32%
North Korea
32%
South Korea
32%
Tajikistan
32%
Uzbekistan
32%
Denmark
30%
Turkmenistan
30%
No matching quizzes found
Score Distribution
Percent of People with Each Score
Percentile by Number Answered
Your Score History
You have not taken this quiz